[Event "Michigan Class D/E"]
[Site "Auburn Hills"]
[Date "2005.01.15"]
[Round "2.7"]
[White "Tang, Joseph"]
[Black "Crist, Kevin"]
[Result "0-1"]
[WhiteElo "683"]
[BlackElo "1275"]
[PlyCount "38"]
[EventDate "2005.01.15"]
[EventType "swiss"]
[EventRounds "5"]
[EventCountry "USA"]
[SourceTitle "EXT 2006"]
[Source "ChessBase"]
[SourceDate "2005.11.24"]
[SourceVersion "1"]
[SourceVersionDate "2005.11.24"]
[SourceQuality "1"]

1. e4 e5 2. Nf3 Nc6 3. Bc4 Be7 4. c3 Nf6 5. Qc2 0-0 6. d3 d5 7. exd5 Nxd5 8. b4 Nf4 9. 0-0 a6 10. a4 Bf5 11. Qd2 Bf6 12. Rd1 Ng6 13. Qb2 e4 14. Qc2 exf3 15. gxf3 Nce5 16. Qb3 Nxf3+ 17. Kg2 Ngh4+ 18. Kh1 Qd6 19. h3 Qh2# 0-1

[Event "Michigan Class D/E"]
[Site "Auburn Hills"]
[Date "2005.01.15"]
[Round "3.11"]
[White "Tang, Joseph"]
[Black "Metcalf, Nathan"]
[Result "0-1"]
[WhiteElo "683"]
[BlackElo "1266"]
[PlyCount "71"]
[EventDate "2005.01.15"]
[EventType "swiss"]
[EventRounds "5"]
[EventCountry "USA"]
[SourceTitle "EXT 2006"]
[Source "ChessBase"]
[SourceDate "2005.11.24"]
[SourceVersion "1"]
[SourceVersionDate "2005.11.24"]
[SourceQuality "1"]

1. e4 Nf6 2. e5 Nd5 3. d4 d6 4. Bc4 Nb6 5. Bd3 dxe5 6. dxe5 Nc6 7. f4 e6 8. Nf3 Be7 9. 0-0 0-0 10. Nc3 Bc5+ 11. Kh1 Nd5 12. Nxd5 exd5 13. b3 f6 14. exf6 Qxf6 15. Bd2 Bg4 16. Be2 Bd6 17. g3 Rae8 18. c4 Rxe2 19. Qxe2 Nd4 20. Qd1 Bxf3+ 21. Rxf3 Nxf3 22. Qxf3 Qxa1+ 23. Kg2 Qd4 24. Qxd5+ Qxd5+ 25. cxd5 Rf5 26. Be3 Rxd5 27. Bxa7 Rd2+ 28. Kh3 Rxa2 29. Bd4 Ra3 30. b4 Bxb4 31. Bb2 Ra2 32. Be5 Bd6 33. Bc3 b5 34. f5 b4 35. Bd4 b3 36. g4 0-1

[Event "Michigan Amateur op"]
[Site "Kalamazoo"]
[Date "2004.10.23"]
[Round "2"]
[White "Mihelich, John"]
[Black "Tang, Joseph"]
[Result "1-0"]
[WhiteElo "1367"]
[BlackElo "667"]
[PlyCount "53"]
[EventDate "2004.10.23"]
[EventType "swiss"]
[EventRounds "5"]
[EventCountry "USA"]
[SourceTitle "EXT 2007"]
[Source "ChessBase"]
[SourceDate "2006.11.23"]
[SourceVersion "1"]
[SourceVersionDate "2006.11.23"]
[SourceQuality "1"]

1. e4 e5 2. Nf3 Nc6 3. Bc4 Bc5 4. d3 d6 5. Nc3 Nf6 6. h3 h6 7. Bd2 Bd7 8. a3 a6 9. 0-0 0-0 10. Qc1 Re8 11. Bxh6 gxh6 12. Qxh6 Nh7 13. Nd5 b5 14. Ba2 Nd4 15. Nxd4 Bxd4 16. Ne3 Be6 17. b3 Bd7 18. Rae1 Re6 19. Qh5 Nf6 20. Qe2 Kf8 21. f4 exf4 22. Rxf4 d5 23. b4 c6 24. Ref1 Bc8 25. Rh4 Qc7 26. Rh8+ Ke7 27. Rf5 1-0

[Event "Lansing op"]
[Site "Lansing"]
[Date "2004.09.06"]
[Round "6"]
[White "Carter, Michael"]
[Black "Tang, Joseph"]
[Result "1-0"]
[WhiteElo "1136"]
[BlackElo "677"]
[PlyCount "71"]
[EventDate "2004.09.03"]
[EventType "swiss"]
[EventRounds "7"]
[EventCountry "USA"]
[SourceTitle "EXT 2007"]
[Source "ChessBase"]
[SourceDate "2006.11.23"]
[SourceVersion "1"]
[SourceVersionDate "2006.11.23"]
[SourceQuality "1"]

1. d4 d5 2. c4 Nc6 3. Nc3 Nf6 4. Bg5 Ne4 5. Nxe4 dxe4 6. e3 a6 7. f3 exf3 8. Nxf3 h6 9. Bf4 Nb4 10. Qa4+ Nc6 11. d5 Bd7 12. dxc6 Bxc6 13. Qd1 e6 14. Be2 Bb4+ 15. Nd2 0-0 16. a3 Bxd2+ 17. Qxd2 Qxd2+ 18. Kxd2 Rad8+ 19. Ke1 Rd7 20. Rd1 Rxd1+ 21. Kxd1 Bxg2 22. Rg1 Rd8+ 23. Ke1 Bc6 24. Bxc7 Rd7 25. Be5 f6 26. Bxf6 Ba4 27. Bd4 Rd6 28. Bg4 Kf7 29. Rf1+ Ke7 30. Bxg7 Rd1+ 31. Bxd1 Bxd1 32. Kxd1 Kd6 33. Bxh6 Ke5 34. h4 Kd6 35. h5 Ke7 36. Bf8+ 1-0